Palmyrena : Palmyra and the surrounding territory from the Roman to the early Islamic period /

This work investigates the relationship between Palmyra and its surrounding territory from the Roman to the early Islamic period since the 1930s. It discusses the agricultural potential of the hinterland, its role in the food supply of the city, and the interaction with the nomadic networks on the S...

وصف كامل

محفوظ في:

المؤلف الرئيسي: Meyer, Jørgen Christian (مؤلف)

التنسيق: كتاب الكتروني

اللغة: English

منشور في: Summertown, Oxford : Archaeopress Publishing Ltd, 2017.

الموضوعات:

الوصول للمادة أونلاين: Login to view Source

الوسوم: إضافة وسم

لا توجد وسوم, كن أول من يضع وسما على هذه التسجيلة!

رقم الطلب: DS99.P17

LEADER 01905nam a2200397 i 4500
001 EDZ0001947098
003 StDuBDS
005 20230412182044.0
006 m|||||o||d||||||||
007 cr |||||||||||
008 171122s2017 enka fob 000|0|eng|d
020 |a 9781784917081 (ebook) :  |c No price 
040 |a StDuBDS  |b eng  |c StDuBDS  |e rda  |e pn 
050 4 |a DS99.P17 
082 0 4 |a 939.432  |2 23 
100 1 |a Meyer, Jørgen Christian,  |e author. 
245 1 0 |a Palmyrena :  |b Palmyra and the surrounding territory from the Roman to the early Islamic period /  |c Jørgen Christian Meyer. 
264 1 |a Summertown, Oxford :  |b Archaeopress Publishing Ltd,  |c 2017. 
300 |a 1 online resource (x, 220 pages) :  |b illustrations (black and white, and colour) 
336 |a text  |2 rdacontent 
336 |a still image  |2 rdacontent 
337 |a computer  |2 rdamedia 
338 |a online resource  |2 rdacarrier 
500 |a Previously issued in print: 2017. 
504 |a Includes bibliographical references. 
520 8 |a This work investigates the relationship between Palmyra and its surrounding territory from the Roman to the early Islamic period since the 1930s. It discusses the agricultural potential of the hinterland, its role in the food supply of the city, and the interaction with the nomadic networks on the Syrian dry steppe. 
521 |a Specialized. 
588 |a Description based on online resource; title from home page (viewed on October 2, 2018). 
651 0 |a Tadmur (Syria)  |x Antiquities. 
651 0 |a Tadmur (Syria)  |x Civilization. 
651 0 |a Tadmur (Syria)  |x History  |y To 1500. 
776 0 8 |i Print version :  |z 9781784917074 
856 4 0 |3 Archaeopress  |u http://library.arce.org:8087/Archaeopress/Products/9781784917074 
942 |2 lcc  |c EBOOK 
952 |0 0  |1 0  |4 0  |6 DS0099 P17  |7 1  |9 46324  |a ARCH  |b ARCH  |d 2023-04-12  |l 0  |o DS99.P17  |r 2023-04-12 00:00:00  |w 2023-04-12  |y EBOOK 
999 |c 51982  |d 51982